Encofrados deslizantes
Shranjeno v:
| Glavni avtor: | |
|---|---|
| Format: | Knjiga |
| Izdano: |
[San José , Costa Rica]
1984
|
| Teme: | |
| Oznake: |
Označite
Brez oznak, prvi označite!
|
MARC
| LEADER | 00000nam a2200000Ia 4500 | ||
|---|---|---|---|
| 003 | 002247 | ||
| 005 | 20221231144417.0 | ||
| 008 | 140114s1984 cr a m 000 ||s d | ||
| 040 | |c cru CEDI | ||
| 090 | |a TFG 1364 | ||
| 100 | |a Salas Pereira, Luis Rodolfo |9 15201 | ||
| 245 | |a Encofrados deslizantes | ||
| 260 | |c 1984 |a [San José , Costa Rica] | ||
| 300 | |a 175 hojas : ilustraciones ; 28 cm | ||
| 500 | |a Proyecto de graduación (ingeniero civil)--Universidad de Costa Rica. Facultad de Ingeniería. Escuela de Ingeniería Civil | ||
| 650 | |x CONSTRUCCIONES DE HORMIGON - ENCOFRADO |9 15202 | ||
| 942 | |c TFG |2 ddc | ||
| 999 | |c 21472 |d 21472 | ||
